Normal view
MARC view
- الجرائم الاقتصادية -- الجريمة -- علم الجرائم -- الحواسيب
Entry Topical Term
001 - CONTROL NUMBER
- control field: 25027
003 - CONTROL NUMBER IDENTIFIER
- control field: JO-AjAnu
005 - DATE AND TIME OF LATEST TRANSACTION
- control field: 20230606074301.0
008 - FIXED-LENGTH DATA ELEMENTS
- fixed length control field: 230606|| aca||aabn | a|a d
040 ## - CATALOGING SOURCE
- Original cataloging agency: JO-AjAnu
- Transcribing agency: JO-AjAnu
150 ## - HEADING--TOPICAL TERM
- Topical term or geographic name entry element: الجرائم الاقتصادية -- الجريمة -- علم الجرائم -- الحواسيب
670 ## - SOURCE DATA FOUND
- Source citation: Work cat.: (JO-AjAnu)12875: الزعبي ، جلال محمد ، المناعسة ، أسامة أحمد , author 25026, جرائم تقنية نظم المعلومات الإلكترونية " دراسة مقارنة "